000 00471nam a2200193Ia 4500
003 GCL
005 20240530100245.0
008 140319s9999 xx 000 0 eng d
040 _aGCL /
_cGCL
082 0 4 _a782.1
_bB O
100 1 _aBROOKE, STEPHEN
245 1 0 _aOPERA: A PENGUIN ANTHOLOGY /
_cBROOKE, STEPHEN
260 _a[S.N] :
_bPENGUIN GROUP ،
_c1996
300 _a520
650 0 4 _aOPERA
650 0 4 _aARTS
650 0 4 _aDRAMATIC VOCAL
942 _2ddc
_cBK
999 _c15735
_d15735